2007/08 UEFA Champions League Final Starting XI's - Statistics

General Stats
  • This quiz has been taken 106 times
  • The average score is 18 of 22
Answer Stats
Hint Nationality Club Answer % Correct
MF Portugal Manchester United Cristiano Ronaldo
99%
FW Ivory Coast Chelsea Didier Drogba
99%
GK Netherlands Manchester United Edwin van der Sar
99%
GK Czech Republic Chelsea Petr Čech
97%
MF England Chelsea Frank Lampard
96%
FW England Manchester United Wayne Rooney
96%
DF England Chelsea John Terry
94%
DF Serbia Manchester United Nemanja Vidić
94%
MF England Manchester United Paul Scholes
92%
DF England Manchester United Rio Ferdinand
91%
FW Argentina Manchester United Carlos Tevez
89%
MF Germany Chelsea Michael Ballack
89%
DF England Chelsea Ashley Cole
80%
FW England Chelsea Joe Cole
80%
DF Ghana Chelsea Michael Essien
78%
DF Portugal Chelsea Ricardo Carvalho
77%
MF England Manchester United Michael Carrick
72%
MF France Chelsea Claude Makélélé
66%
FW France Chelsea Florent Malouda
57%
DF England Manchester United Wes Brown
49%
DF France Manchester United Patrice Evra
41%
MF England Manchester United Owen Hargreaves
30%
No matching quizzes found
Score Distribution
Percent of People with Each Score
Percentile by Number Answered
Your Score History
You have not taken this quiz